[Event "RUS-chT Men Rapid 2019"]
[Site "Sochi"]
[Date "2019.10.18"]
[Round "2.7"]
[White "Savchenko, Boris"]
[Black "Pogromsky, Mikhail"]
[Result "1-0"]
[WhiteElo "2581"]
[BlackElo "2411"]
[Annotator "TA"]
[PlyCount "37"]
[EventDate "2019.10.18"]
[EventType "swiss"]
[EventCountry "RUS"]
[SourceTitle "playchess.com"]
[Source "ChessBase"]
[SourceQuality "1"]

{[%evp 10,117,38,29,29,17,23,0,9,0,26,14,23,0,7,-30,-14,-14,-14,-34,-31,-29,-4,-22,-28,-22,-23,-48,-26,-59,-35,-64,-57,-77,-69,-75,-56,-48,-25,-46,-40,-70,-43,-46,-44,-41,-38,-94,-90,-78,-7,-12,0,-13,0,-62,-62,-63,-43,-83,-41,-60,-8,-124,0,0,0,-7,0,0,0,0,0,0,0,0,62,64,64,68,110,62,92,97,154,162,175,100,305,136,764,750,750,738,729,688,725,719,680,674,664,664,638,636,616,577,29972,29972,5351,5351]} 1. e4 c5 2. Nf3 a6 3. c3 d5 4. exd5 Qxd5 5. d4 Nf6 6. Be2 e6 {B28: Sicilian: 2 Nf3 a6 (O'Kelly Variation)} (6... cxd4 7. cxd4 e6 8. Nc3 Qd6 9. Ne5 Nc6 10. Nxc6 bxc6 11. O-O Be7 12. Bg5 O-O 13. Qd2 a5 14. Rfd1 {½-½ (35) Saric,I (2680)-Artemiev,V (2761) Poikovsky 2019}) 7. Be3 cxd4 8. Qxd4 Nc6 {The position is equal.} 9. Qh4 $146 ({Predecessor:} 9. Qb6 Ng4 10. b4 a5 11. b5 Nxe3 12. Qxe3 Bc5 13. Qf4 Ne7 14. O-O {0-1 (22) Kaderabek,J-Annageldyev,O (2440) Ceske Budejovice 1994}) 9... Be7 10. Nbd2 O-O 11. O-O (11. Nc4 {keeps more tension.} Qf5 12. Nd4 Nxd4 13. Bxd4 Bd7 14. O-O) 11... Qf5 12. Qf4 Qxf4 13. Bxf4 Nd5 $36 {[%mdl 2048] White is under pressure.} 14. Bg3 f6 15. Bc4 Nb6 16. Bb3 Na5 17. Bc2 e5 18. Rfe1 Rd8 19. Rad1 {Played: Bg3-f4} 1-0

[Event "RUS-chT Men Rapid 2019"]
[Site "Sochi"]
[Date "2019.10.18"]
[Round "2.8"]
[White "Ozgibcev, Anatoly"]
[Black "Popov, Ivan"]
[Result "0-1"]
[WhiteElo "2367"]
[BlackElo "2611"]
[Annotator "TA"]
[PlyCount "70"]
[EventDate "2019.10.18"]
[EventType "swiss"]
[EventCountry "RUS"]
[SourceTitle "playchess.com"]
[Source "ChessBase"]
[SourceQuality "1"]

{[%evp 14,70,36,36,49,15,52,-10,7,5,8,0,8,5,14,0,0,0,3,0,42,50,24,-20,55,59,47,-11,-11,-11,-11,-11,-10,-27,-19,-19,-20,-56,-46,-57,-50,-89,-97,-98,-89,-89,-73,-315,-315,-301,-300,-300,-270,-406,-382,-29981,-29982,-29981,-29981]} 1. e4 c6 2. d4 d5 3. exd5 cxd5 4. c3 Nc6 5. Bd3 g6 6. Nf3 Bg7 7. Bf4 Nf6 8. O-O Bf5 {B13: Caro-Kann: Exchange Variation and Panov-Botvinnik Attack} 9. Re1 O-O 10. Qc2 (10. Bxf5 $14 gxf5 11. Nbd2) 10... Bxd3 {The position is equal.} 11. Qxd3 e6 $146 ({Predecessor:} 11... Nh5 12. Bg5 f6 13. Bh4 g5 14. Bg3 a6 {½-½ (52) Geller,J (2526)-Zvjaginsev,V (2643) Moscow 2017}) 12. Nbd2 Nd7 13. Re2 a6 14. a4 Rc8 15. h3 Na5 16. Qe3 b5 17. axb5 axb5 18. Bh6 b4 ({Black should play} 18... Nc4 $11 19. Nxc4 bxc4) 19. Bxg7 Kxg7 20. Ne5 ({Better is} 20. cxb4 $14 Nc4 21. Nxc4 Rxc4 22. Ra7) 20... bxc3 21. bxc3 {Hoping for Nxd7.} Nxe5 22. Qxe5+ Kg8 23. Re3 Nc6 24. Qf4 Kg7 25. h4 Qc7 $36 {[%mdl 2048] Black has the initiative.} 26. Qg4 Ra8 27. Rxa8 Rxa8 28. g3 Ra1+ 29. Kg2 h5 30. Qf3 $2 {[#]} (30. Qe2 $17) 30... Nxd4 $1 $19 {[%mdl 512]} 31. cxd4 {Rc3 is the strong threat.} Qc1 {[%csl Ga1][%cal Rc1h1]} 32. Kh2 Qxd2 33. Rd3 (33. Rb3 $142 Qxd4 34. Qe2) 33... Qe1 {aiming for ...Qg1+.} 34. Kh3 $2 (34. Qg2 $19) 34... Qf1+ 35. Kh2 {[#]} Ra2 $1 {Accuracy: White = 25%, Black = 48%.} 0-1

[Event "RUS-chT Men Rapid 2019"]
[Site "Sochi"]
[Date "2019.10.18"]
[Round "2.9"]
[White "Zakaryan, David"]
[Black "Bocharov, Dmitry"]
[Result "0-1"]
[WhiteElo "2338"]
[BlackElo "2519"]
[Annotator "ChessBase"]
[PlyCount "84"]
[EventDate "2019.10.18"]
[EventType "swiss"]
[EventCountry "RUS"]
[SourceTitle "playchess.com"]
[Source "ChessBase"]
[SourceQuality "1"]
[TimeControl "900+10"]

1. e4 {[%emt 0:00:00]} c5 {[%emt 0:00:00]} 2. Nc3 {[%emt 0:00:02]} e6 {[%emt 0:00:00]} 3. Nf3 {[%emt 0:00:06]} a6 {[%emt 0:00:02]} 4. d4 {[%emt 0:00:02]} cxd4 {[%emt 0:00:02]} 5. Nxd4 {[%emt 0:00:02]} Qc7 {[%emt 0:00:04]} 6. Be3 {[%emt 0:00:07]} Bb4 {[%emt 0:00:38]} 7. Nde2 {[%emt 0:00:10]} Nf6 {[%emt 0:00:18]} 8. a3 {[%emt 0:00:02]} Be7 {[%emt 0:00:56]} 9. h3 {[%emt 0:00:57]} Nc6 {[%emt 0:01:05]} 10. f4 {[%emt 0:00:21]} d6 {[%emt 0:03:02]} 11. g4 {[%emt 0:00:14]} b5 {[%emt 0:00:06]} 12. g5 {[%emt 0:00:06]} Nd7 {[%emt 0:00:02]} 13. Ng3 {[%emt 0:01:22]} Bb7 {[%emt 0:00:18]} 14. h4 {[%emt 0:05:43]} b4 {[%emt 0:00:46]} 15. axb4 {[%emt 0:00:55]} Nxb4 {[%emt 0:00:02]} 16. Bg2 {[%emt 0:01:10]} Nb6 {[%emt 0:00:44]} 17. O-O {[%emt 0:00:40]} Nc4 {[%emt 0:00:04]} 18. Bd4 {[%emt 0:01:39]} O-O {[%emt 0:00:16]} 19. b3 {[%emt 0:01:32]} Ne3 {[%emt 0:01:24]} 20. Bxe3 {[%emt 0:00:20]} Qxc3 {[%emt 0:00:02]} 21. Qd2 {[%emt 0:00:59]} Qxd2 {[%emt 0:01:49]} 22. Bxd2 {[%emt 0:00:01]} Nxc2 {[%emt 0:00:02]} 23. Ra4 {[%emt 0:00:13]} Rfc8 {[%emt 0:00:22]} 24. f5 {[%emt 0:00:01]} Bc6 {[%emt 0:01:05]} 25. Ra2 {[%emt 0:00:56]} Nd4 {[%emt 0:00:10]} 26. f6 {[%emt 0:00:01]} Bf8 {[%emt 0:00:17]} 27. Bc3 {[%emt 0:00:09]} Nxb3 {[%emt 0:01:49]} 28. fxg7 {[%emt 0:00:02]} Bxg7 {[%emt 0:00:04]} 29. Bxg7 {[%emt 0:00:02]} Kxg7 {[%emt 0:00:17]} 30. Raf2 {[%emt 0:00:29]} Be8 {[%emt 0:00:46]} 31. Rf6 {[%emt 0:00:07]} Rc1 {[%emt 0:00:19]} 32. Nh5+ {[%emt 0:00:16]} Kf8 {[%emt 0:00:02]} 33. Rxc1 {[%emt 0:00:24]} Nxc1 {[%emt 0:00:02]} 34. e5 {[%emt 0:00:10]} d5 {[%emt 0:00:13]} 35. Nf4 {[%emt 0:00:02]} Kg8 {[%emt 0:00:21]} 36. h5 {[%emt 0:00:04]} a5 {[%emt 0:01:17]} 37. g6 {[%emt 0:00:01]} a4 {[%emt 0:00:02]} 38. Nxd5 {[%emt 0:00:44]} Ra7 {[%emt 0:00:46]} 39. gxh7+ {[%emt 0:00:47]} Kh8 {[%emt 0:00:20]} 40. Rf1 {[%emt 0:00:04]} Ne2+ {[%emt 0:00:03]} 41. Kf2 {[%emt 0:00:01]} exd5 {[%emt 0:00:04]} 42. Kxe2 {[%emt 0:00:02]} Bb5+ {[%emt 0:00:02]} 0-1

[Event "RUS-chT Men Rapid 2019"]
[Site "Sochi"]
[Date "2019.10.18"]
[Round "2.10"]
[White "Yuffa, Daniil"]
[Black "Nazaretyan, Tigran"]
[Result "1-0"]
[WhiteElo "2577"]
[BlackElo "2297"]
[Annotator "TA"]
[PlyCount "169"]
[EventDate "2019.10.18"]
[EventType "swiss"]
[EventCountry "RUS"]
[SourceTitle "playchess.com"]
[Source "ChessBase"]
[SourceQuality "1"]

{[%evp 20,169,20,28,30,32,34,43,41,33,36,38,39,-36,0,-20,0,0,0,-60,66,37,41,56,274,147,269,264,342,157,174,164,189,193,204,201,134,215,208,213,206,206,429,422,441,444,431,418,801,450,427,435,425,313,344,333,729,438,452,452,452,452,444,443,460,460,455,440,460,460,504,506,527,527,527,519,527,513,513,513,1635,1618,1139,674,1617,1580,1460,557,1407,1336,1166,576,821,816,2121,1736,4903,4795,29976,29977,29977,29978,29978,29978,29979,29978,29978,29979,29977,29978,29979,29977,29978,29979,29982,29983,29983,29984,29984,29985,29985,29986,29987,29987,29988,29989,29989,29990,29990,29991,29991,29992,29992,29992,29992,29993,29994,29995,29996,29996,29996,29995,29995,29996,29996,29996,29997,29997,29998,29998,29998,29999]} 1. d4 Nf6 2. c4 e6 3. g3 c5 4. d5 exd5 5. cxd5 d6 6. Nc3 g6 7. Bg2 Bg7 8. Nf3 O-O 9. O-O Re8 10. Bf4 a6 11. a4 Nbd7 {A62: Modern Benoni: Fianchetto Variation without early ...Nbd7} (11... Bf5 12. Nh4 Bc8 {½-½ (15) Ding,L (2777)-Vachier Lagrave,M (2789) Riadh 2017}) 12. Bxd6 Qb6 13. Bf4 {And now Qc2 would win.} Qxb2 {White is slightly better.} 14. Rc1 b5 $1 {[%cal Rb5b4]} 15. Rc2 $146 ({Predecessor:} 15. Bd2 Ne4 16. Nxe4 Rxe4 17. Rb1 Qa2 18. axb5 axb5 19. Rxb5 {0-1 (51) Cozianu,C (2439)-Moreno,A (2391) ICC INT 2011}) 15... Qb4 16. Re1 (16. Qc1 $14) 16... Bb7 17. e4 Nb6 {[%cal Rf6e4]} ({Much worse is} 17... bxa4 $6 18. Qd3 $14) 18. axb5 axb5 {[%cal Rf6e4]} 19. Ne5 (19. Bd2 $11) 19... c4 (19... Nfd7 $1 $15 20. Nxd7 Nxd7) 20. Nc6 $36 {[%mdl 2048] White has the initiative.} Bxc6 $1 21. dxc6 {Hoping for Bd6.} Nh5 $2 ({Black should try} 21... Ng4 $1 $14 22. Bd2 (22. Qxg4 Bxc3 23. Rd1 Be5 $11) 22... Qb3) 22. Bd2 ({Only move:} 22. Bd6 $18 Qxc3 23. Rxc3 Bxc3 24. Rf1) 22... Qc5 (22... Qb3 $16 {was necessary.}) 23. Be3 $18 Qb4 24. Nd5 ({Stronger than} 24. Bxb6 Bxc3 25. Rf1 Rac8 $11) (24. e5 $18 {is the precise move to win.}) 24... Nxd5 $16 25. exd5 Qd6 26. Qd2 Ra3 27. Rb1 $1 c3 28. Qd3 (28. Qe2 $16 {Bc5! is the strong threat.} b4 29. Qc4) 28... b4 $18 29. Qc4 {aiming for Bc5.} Bf8 {[#]} 30. g4 $1 {[%cal Rg4h5]} Nf6 $2 {[#]} (30... Ng7 {is a better defense.} 31. Bf4 Qf6) 31. Bf4 $1 {[%cal Rf4d6]} Qc5 32. Qxc5 Bxc5 33. d6 Ra6 (33... g5 $142 34. Bxg5 Bxd6) 34. d7 Nxd7 35. cxd7 Rd8 36. Bb7 Ra7 37. Bc6 Ra6 $2 (37... Be7 38. Rd1 g5) 38. Bc7 Rxd7 39. Bxd7 Ra7 40. Bb6 {[%mdl 64] Deflection} Bxb6 41. Rxb4 Bd8 42. Bc6 Bf6 43. Kg2 Rc7 44. Rc4 Kg7 45. Kg3 g5 46. Kf3 Be5 47. h3 Ra7 48. R2xc3 Bxc3 49. Rxc3 {[%mdl 4096] Endgame KRB-KR} h5 (49... Ra5 $142 50. Be4 h6) 50. gxh5 Kh6 51. Be4 Ra4 52. Rc7 f5 53. Bd5 Ra3+ 54. Kg2 Kxh5 55. Bf3+ Kg6 56. Rc6+ Kg7 57. Bh5 Ra5 58. Rg6+ {[%mdl 64] Double Attack} Kh7 59. Rxg5 {White mates.} Kh6 60. h4 Ra4 61. Kg3 f4+ 62. Kg4 f3+ 63. Kg3 Ra3 64. Bxf3 Rc3 65. Re5 Ra3 66. Kg4 Ra2 67. Be2 Ra1 68. Re6+ Kg7 69. f4 Rg1+ 70. Kf5 Rh1 71. h5 Kh7 72. Kg5 Rg1+ 73. Bg4 Kg7 74. h6+ Kh7 75. Re7+ Kh8 76. Ra7 Rg2 77. f5 Rg1 78. f6 Rg2 79. Kh5 Kg8 80. Be6+ Kh8 81. Ra8+ Rg8 82. Rxg8+ Kh7 83. Rg6 Kh8 84. f7 Kh7 85. f8=N+ {Accuracy: White = 60%, Black = 21%.} 1-0

[Event "RUS-chT Men Rapid 2019"]
[Site "Sochi"]
[Date "2019.10.18"]
[Round "2.11"]
[White "Ivlev, Aleksey"]
[Black "Morozevich, Alexander"]
[Result "0-1"]
[WhiteElo "2292"]
[BlackElo "2659"]
[Annotator "TA"]
[PlyCount "86"]
[EventDate "2019.10.18"]
[EventType "swiss"]
[EventCountry "RUS"]
[SourceTitle "playchess.com"]
[Source "ChessBase"]
[SourceQuality "1"]

{[%evp 13,86,7,30,9,75,57,78,80,73,70,71,74,67,74,87,107,98,106,96,41,75,82,59,12,28,14,37,0,0,2,6,6,8,8,12,-7,-9,-25,0,0,0,0,22,0,4,0,0,0,-7,-63,0,0,0,-93,-77,-245,-252,-345,-275,-349,-323,-314,-307,-1215,-1230,-2593,-2158,-7404,-7356,-7412,-6510,-5669,-5181,-2156,-1873]} 1. d4 e6 2. e4 d5 3. e5 c5 4. c3 Bd7 5. Nf3 Qb6 6. Be2 Bb5 7. c4 dxc4 8. d5 {C02: French: Advance Variation} Ne7 {[#]} (8... exd5 $11 9. Qxd5 Ne7) 9. dxe6 $1 $16 fxe6 10. Na3 $146 {White is better.} ({Predecessor:} 10. Nc3 Bd7 11. O-O Nf5 12. Bxc4 Nc6 13. Ne4 h6 14. Nh4 O-O-O 15. Ng6 Rg8 {1-0 (34) Sax,G (2535)-Jakab,A (2350) Balatonlelle 2004}) 10... Nbc6 11. Nxb5 Qxb5 12. O-O Nf5 13. b3 Qb6 14. Bxc4 Na5 15. Bd3 Be7 16. Qe2 (16. Qc2 $16) 16... O-O-O $14 17. Bxf5 exf5 18. Be3 Rd5 19. Rac1 Rhd8 20. Rfd1 Rxd1+ 21. Rxd1 Rxd1+ 22. Qxd1 Qe6 23. Qc2 b6 24. Qe2 Nc6 25. Bf4 h6 26. h4 Kb7 27. h5 a6 28. Qd3 b5 29. a4 Kb6 30. axb5 axb5 31. Qc2 ({White should play} 31. Qd1 $11) 31... Nb4 ({Better is} 31... Bg5 $15 32. Nxg5 hxg5 33. Bxg5 Qxe5) 32. Qd1 $11 Qd5 33. Qb1 (33. Bd2 $11 {was the only way to keep the balance.}) 33... Qd3 $36 {[%mdl 2048] Black is in control.} 34. Qa1 $2 (34. Qxd3 $17 {keeps fighting.} Nxd3 35. Bd2) 34... Qxb3 $19 35. Qa8 Nc6 36. Qc8 Qb1+ 37. Kh2 {e6 is the strong threat.} Qe4 38. Kg3 $2 {[#]} (38. Be3 Bg5 {[%mdl 64] Deflection} 39. Nxg5 hxg5 40. Bxg5 Qxe5+ 41. g3) 38... Bg5 $1 {[%mdl 576] Decoy. Black is clearly winning.} 39. Nxg5 hxg5 40. Bxg5 Qg4+ {[%mdl 64] Double Attack} 41. Kh2 Qxh5+ 42. Kg1 Qxg5 43. e6 b4 {Accuracy: White = 35%, Black = 71%.} 0-1

[Event "RUS-chT Men Rapid 2019"]
[Site "Sochi"]
[Date "2019.10.18"]
[Round "2.12"]
[White "Khismatullin, Denis"]
[Black "Tenikashvili, Georgij"]
[Result "1-0"]
[WhiteElo "2611"]
[BlackElo "2337"]
[Annotator "TA"]
[PlyCount "59"]
[EventDate "2019.10.18"]
[EventType "swiss"]
[EventCountry "RUS"]
[SourceTitle "playchess.com"]
[Source "ChessBase"]
[SourceQuality "1"]

{[%evp 16,59,16,19,17,-16,-14,-87,-79,-75,-89,-83,0,0,0,-15,-9,-14,-13,-21,-14,-22,468,0,24,0,14,13,20,17,20,21,114,110,114,13,491,486,457,437,1373,1323,29983,29984,6311,5606]} 1. d4 d5 2. c4 dxc4 3. Nf3 Nf6 4. e3 Bg4 5. Bxc4 e6 6. Qb3 Bxf3 7. gxf3 Nbd7 8. Nc3 Nb6 9. Be2 c5 {D25: Queen's Gambit Accepted: 4 e3: sidelines and 4...Bg4} (9... c6 10. Bd2 g6 11. h4 h5 12. O-O-O Be7 13. Kb1 Qd7 14. Bc1 O-O-O 15. e4 Kb8 16. Bf4+ Ka8 17. Be3 {1-0 (38) Nisipeanu,L (2652)-Stevic,H (2605) Austria 2014}) 10. Bb5+ Nbd7 $1 11. d5 $146 (11. dxc5 $11 {remains equal.} Bxc5 12. O-O) ({Predecessor:} 11. dxc5 Bxc5 12. O-O a6 13. Be2 Rb8 14. Bd2 O-O 15. Rac1 Qe7 16. Rfd1 Bd6 17. Qa4 {0-1 (53) Santos,A (2250)-Santos,L (2368) Barreiro 2006}) 11... exd5 $1 $17 {Black is better.} 12. e4 d4 13. e5 dxc3 ({Black should try} 13... a6 $1 $17 {[%cal Ra6b5]} 14. exf6 axb5) 14. exf6 $11 gxf6 15. Be3 a6 16. Bc4 Ne5 17. bxc3 Nxc4 18. Qxc4 Qc7 $2 {[%mdl 8192] [#]} (18... Qd7 $11 {and Black stays safe.}) 19. Rd1 $2 (19. O-O-O $1 $18 Rd8 20. Rxd8+ Kxd8 21. Rd1+ Kc8 22. Qg4+ Kb8 23. Bf4) 19... Be7 20. Rg1 Rd8 21. Rxd8+ Qxd8 22. Rg7 ({Wrong is} 22. Bxc5 $2 Qc8 $19) 22... Rf8 23. Rxh7 ({Don't go for} 23. Bxc5 $2 Qc8 $19) 23... b5 (23... Qb6 $11 {keeps the balance.} 24. Qb3 Qxb3 25. axb3 Bd6) 24. Qe4 $36 {[%mdl 2048] White has strong initiative.} Qd6 25. Qa8+ (25. Rh5 $16 f5 26. Qxf5 (26. Rxf5 Rg8 $16)) 25... Bd8 $2 {[%mdl 8192] [#]} (25... Kd7 $1 $11 {and Black is okay.} 26. Qb7+ Qc7 27. Qd5+ (27. Qxa6 Qc6 $14) 27... Qd6 28. Qb7+ Ke6) 26. Rh5 $1 $18 {[%cal Rh5d5] Hoping for Rd5!} Rg8 {[#] ( -> ...Rg1+)} 27. Rd5 $1 {[%mdl 512]} Qe7 (27... Rg1+ $142 28. Kd2 Qc7 29. Qxa6 Rg6 30. Qxb5+ Kf8 31. Rxc5 Qd6+ 32. Rd5 Qc7) 28. Kf1 Rh8 29. Qc6+ Kf8 30. Bxc5 {Accuracy: White = 55%, Black = 28%.} 1-0

[Event "RUS-chT Men Rapid 2019"]
[Site "Sochi"]
[Date "2019.10.18"]
[Round "2.13"]
[White "Goryachkina, Aleksandra"]
[Black "Nozdrachev, Vladislav"]
[Result "1/2-1/2"]
[WhiteElo "2575"]
[BlackElo "2494"]
[Annotator "TA"]
[PlyCount "72"]
[EventDate "2019.10.18"]
[EventType "swiss"]
[EventCountry "RUS"]
[SourceTitle "playchess.com"]
[Source "ChessBase"]
[SourceQuality "1"]

{[%evp 27,72,26,39,33,33,30,29,26,36,45,50,44,68,68,69,70,107,0,8,8,12,7,19,27,22,12,21,35,36,0,0,-62,0,0,0,-11,0,-8,0,0,0,0,0,0,0,0,0]} 1. e4 e5 2. Nf3 Nc6 3. d4 exd4 4. Bc4 Nf6 5. O-O Nxe4 6. Re1 d5 7. Bxd5 Qxd5 8. Nc3 Qa5 9. Nxe4 Be6 10. Neg5 O-O-O 11. Nxe6 fxe6 12. Rxe6 Bd6 13. Bg5 Rde8 14. Qe2 Kd7 15. Rxe8 {C56: Two Knights: 4 d4 exd4 5 0-0 Nxe4} (15. Re4 Qf5 16. Re1 Rxe4 17. Qxe4 Qxe4 18. Rxe4 Re8 19. Rxe8 Kxe8 20. Bd2 h6 21. Kf1 Kf7 22. Ke2 Ke6 {½-½ (60) Kharchenko,B (2483)-Goganov,A (2615) Taganrog 2015}) 15... Rxe8 16. Qd3 h6 17. Bd2 {White has an edge.} Qh5 18. h3 Qd5 19. c3 Re4 20. Rd1 Ne5 $146 ({Predecessor:} 20... Kc8 21. cxd4 g5 22. Bc3 Bf4 {1-0 (51) Wurschner,M (2295)-Sanner,Z (2298) ICCF email 2002}) 21. Nxe5+ Qxe5 {[#]} 22. g3 (22. Kf1 $1 $16) 22... Qh5 $132 {[%mdl 2048] Black is fighting back} 23. Re1 Rxe1+ 24. Bxe1 Qxh3 25. Qxd4 Qe6 26. Qxg7+ Kc6 27. Bd2 Qxa2 28. Qd4 Qxb2 29. Qc4+ ({White should try} 29. Qe4+ $11 Kb6 30. Be3+ Bc5 31. Bxc5+ Kxc5 32. Qd4+ Kc6 33. Qf6+ Kc5 34. Qd4+ Kc6 35. Qf6+ Kc5 36. Qd4+) 29... Kb6 ({Black should play} 29... Bc5 $1 $15 30. Be3 Qb1+ 31. Kh2 Qf5 32. Qa4+ b5 33. Qa6+ Bb6) 30. Be3+ $11 {The position is equal.} Ka5 31. Qd5+ b5 32. c4 a6 {Strongly threatening ...Qa2.} 33. cxb5 axb5 34. Qa8+ Kb4 35. Qe4+ Ka3 36. Qa8+ Kb4 {Accuracy: White = 70%, Black = 52%.} 1/2-1/2

[Event "RUS-chT Men Rapid 2019"]
[Site "Sochi"]
[Date "2019.10.18"]
[Round "2.14"]
[White "Vakhlamov, Igor L."]
[Black "Pridorozhni, Aleksei"]
[Result "0-1"]
[WhiteElo "2413"]
[BlackElo "2599"]
[Annotator "RC"]
[PlyCount "90"]
[EventDate "2019.10.18"]
[EventType "swiss"]
[EventCountry "RUS"]
[SourceTitle "playchess.com"]
[Source "ChessBase"]
[SourceQuality "1"]
[TimeControl "900+10"]

1. e4 {[%emt 0:00:00]} c5 {[%emt 0:00:00]} 2. Nf3 {[%emt 0:00:00]} e6 {[%emt 0:00:00]} 3. g3 {[%emt 0:00:00]} d5 {[%emt 0:00:00]} 4. exd5 exd5 {[%emt 0:00:00]} 5. Bg2 {[%emt 0:00:03]} Qe7+ {[%emt 0:00:00]} 6. Qe2 {[%emt 0:01:20]} Qxe2+ 7. Kxe2 {[%emt 0:00:02]} Nc6 {[%emt 0:00:05]} 8. Re1 {[%emt 0:00:10]} h6 {[%emt 0:00:06]} 9. Kf1+ {[%emt 0:00:47]} Be6 {[%emt 0:00:03]} 10. Ne5 {[%emt 0:02:37]} Nxe5 {[%emt 0:01:01]} 11. Rxe5 {[%emt 0:00:02]} Ne7 {[%emt 0:00:07]} 12. d3 {[%emt 0:00:45]} Nc6 {[%emt 0:00:08]} 13. Re1 {[%emt 0:00:03]} O-O-O {[%emt 0:00:09]} 14. Bd2 {[%emt 0:02:31]} g5 {[%emt 0:00:57]} 15. Nc3 {[%emt 0:00:37]} Nd4 {[%emt 0:00:26]} 16. Rac1 {[%emt 0:00:40]} Bg7 {[%emt 0:00:02]} 17. b3 {[%emt 0:01:20]} Bf6 {[%emt 0:01:20]} 18. Ne2 {[%emt 0:00:43]} Nc6 {[%emt 0:01:01]} 19. f4 {[%emt 0:00:27]} g4 {[%emt 0:00:16]} 20. a3 {[%emt 0:03:46]} h5 {[%emt 0:02:19]} 21. b4 {[%emt 0:00:15]} c4 {[%emt 0:00:11]} 22. dxc4 {[%emt 0:00:13]} dxc4 {[%emt 0:00:03]} 23. Bc3 {[%emt 0:00:22]} Bxc3 {[%emt 0:00:04]} 24. Nxc3 {[%emt 0:00:02]} Nd4 {[%emt 0:00:02]} 25. Ne2 {[%emt 0:01:27]} Nf5 {[%emt 0:00:47]} 26. Kf2 {[%emt 0:00:02]} Rd2 {[%emt 0:00:14]} 27. Red1 {[%emt 0:01:00]} Rhd8 {[%emt 0:00:02]} 28. Rxd2 {[%emt 0:00:06]} Rxd2 {[%emt 0:00:02]} 29. Ke1 {[%emt 0:00:10]} c3 {[%emt 0:00:09]} 30. Be4 {[%emt 0:00:01]} Ne3 {[%emt 0:00:17]} 31. Bd3 {[%emt 0:00:02]} Bf5 {[%emt 0:00:19]} 32. Bxf5+ {[%emt 0:00:35]} Nxf5 {[%emt 0:00:02]} 33. Nxc3 {[%emt 0:00:06]} Rxh2 {[%emt 0:00:03]} 34. Ne2 {[%emt 0:00:08]} h4 {[%emt 0:02:02]} 35. gxh4 {[%emt 0:00:01]} Rxh4 {[%emt 0:00:01]} 36. Kf1 {[%emt 0:00:26]} Rh2 {[%emt 0:00:07]} 37. Re1 {[%emt 0:00:09]} g3 {[%emt 0:01:37]} 38. Kg1 {[%emt 0:00:01]} Nh4 {[%emt 0:00:03]} 39. Nd4 {[%emt 0:00:11]} Rg2+ {[%emt 0:00:21]} 40. Kh1 {[%emt 0:00:04]} Rf2 {[%emt 0:00:01]} 41. f5 {[%emt 0:00:13]} Rh2+ {[%emt 0:00:49]} 42. Kg1 {[%emt 0:00:01]} Rd2 {[%emt 0:00:02]} 43. c3 {[%emt 0:00:27]} Rxd4 {[%emt 0:00:05]} 44. cxd4 {[%emt 0:00:03]} Nf3+ {[%emt 0:00:01]} 45. Kf1 {[%emt 0:00:01]} g2+ {[%emt 0:00:02]} 0-1